ការចាកចេញជាថ្មី / (Record no. 1690)

MARC details
000 -LEADER
fixed length control field 02260nam a22003137a 4500
001 - CONTROL NUMBER
control field 1690
003 - CONTROL NUMBER IDENTIFIER
control field FISKH
005 - DATE AND TIME OF LATEST TRANSACTION
control field 20230915125744.0
008 - FIXED-LENGTH DATA ELEMENTS--GENERAL INFORMATION
fixed length control field 230915b cb ||||| |||| 00| 0 khr d
020 ## - INTERNATIONAL STANDARD BOOK NUMBER
International Standard Book Number 9789924340300
040 ## - CATALOGING SOURCE
Original cataloging agency FISKH
Language of cataloging eng
Transcribing agency FISKH
Modifying agency FISKH
082 ## - DEWEY DECIMAL CLASSIFICATION NUMBER
Classification number 973.7
100 ## - MAIN ENTRY--PERSONAL NAME
Personal name Chan
245 ## - TITLE STATEMENT
Title ការចាកចេញជាថ្មី /
Statement of responsibility, etc. និពន្ធ និងគូររូបដោយ ច័ន - បកប្រែពីភាសាបារាំងដោយ បេ ពុច
250 ## - EDITION STATEMENT
Edition statement បោះពុម្ពលើកទី ២ ខែឧសភា ឆ្នាំ ២០២០
260 ## - PUBLICATION, DISTRIBUTION, ETC.
Place of publication, distribution, etc. Phnom Penh :
Name of publisher, distributor, etc. Sipar,
Date of publication, distribution, etc. 2020.
300 ## - PHYSICAL DESCRIPTION
Extent 119 pages :
Other physical details color illustrations ;
Dimensions 26 cm
490 ## - SERIES STATEMENT
Series statement ឆ្នាំថោះ
Volume/sequential designation
505 ## - FORMATTED CONTENTS NOTE
Formatted contents note Z'<br/>
520 ## - SUMMARY, ETC.
Summary, etc. ប្រលោមលោកក្រាហ្វិកដែលពិពណ៌នាអំពីព្រឹត្តិការណ៍នៅក្នុង១៩៧៨… ក្នុងរបបខ្មែរក្រហម អ្នកដែលស្លាប់ត្រូវស្តីបន្ទោសថាជាជនក្បត់ជាតិ។ ក្នុងពេលជាមួយគ្នានោះ មានទាហានវៀតណាមចូល និងធ្វើសកម្មភាព… ដូចជាសមាជិកមួយចំនួនក្នុងគ្រួសារបាត់ទៅហើយ គីមកំពុងព្យាយាមយ៉ាងខ្លាំងដើម្បីគេចចេញពីសុបិន្តអាក្រក់នេះ។
520 ## - SUMMARY, ETC.
Summary, etc. A graphic novel depicting events in 1978. In the regime of the Khmer Rouge, the one who dies is blamed as the traitor. At the same time, there were military Vietnamese entering and taking action. As if some of the members in the family are gone, Kim was trying very hard to escape from this nightmare.
521 8# - TARGET AUDIENCE NOTE
Target audience note 920<br/>
Source Lexile estimate<br/>
521 8# - TARGET AUDIENCE NOTE
Target audience note Z'<br/>
Source Raz-Plus<br/>
650 ## - SUBJECT ADDED ENTRY--TOPICAL TERM
Topical term or geographic name entry element ជនក្បត់
Form subdivision រត់គេច
General subdivision សុបិន្តអាក្រក់
650 ## - SUBJECT ADDED ENTRY--TOPICAL TERM
Topical term or geographic name entry element Traitor
Form subdivision Escape
General subdivision Bad dream
700 ## - ADDED ENTRY--PERSONAL NAME
Personal name Puch, Bae
Relator term Translator
700 ## - ADDED ENTRY--PERSONAL NAME
Personal name Chan
Relator term illustrator
942 ## - ADDED ENTRY ELEMENTS (KOHA)
Source of classification or shelving scheme Dewey Decimal Classification
Koha item type Khmer Books
Suppress in OPAC No
Holdings
Withdrawn status Lost status Source of classification or shelving scheme Damaged status Not for loan Collection Home library Current library Shelving location Date acquired Total Checkouts Full call number Barcode Date last seen Date last checked out Copy number Price effective from Koha item type
    Dewey Decimal Classification     Khmer Language Books / សៀវភៅភាសាខ្មែរ Footprints International School Library Network Toul Kork Campus Footprints International School Library Network Toul Kork Campus TK Campus, Room B402, Khmer Book Case 16, Shelves 112-123 / ទូរសៀវភៅខ្មែរលេខ ១៦​ ធ្នើរ ១១២ ដល់ ១២៣ បន្ទប់ B402 សាខាទួលគោក 09/15/2023 1 CHA 973.7 2023-0616 03/05/2026 12/19/2025 1 09/15/2023 Khmer Books
    Dewey Decimal Classification     Khmer Language Books / សៀវភៅភាសាខ្មែរ Footprints International School Library Network Toul Tom Poung Campus Footprints International School Library Network Toul Tom Poung Campus TTP Secondary Khmer Bookshelves 09/15/2023 1 CHA 973.7 2023-0617 09/09/2025 09/05/2025 2 09/15/2023 Khmer Books